Alfonso Reyes y la historia de América: la argumentación del ensayo histórico un análisis retórico
Saved in:
| Main Author: | |
|---|---|
| Format: | Book |
| Language: | Spanish |
| Published: |
Ciudad de México
Fondo de Cultura Económica
2003
|
| Edition: | 1a. ed |
| Series: | Seccion de Obras de Lengua y Estudios Literarios
|
| Subjects: | |
| Tags: |
Add Tag
No Tags, Be the first to tag this record!
|
MARC
| LEADER | 00000nam a2200000 a 4500 | ||
|---|---|---|---|
| 001 | UCI9332 | ||
| 003 | CL-VaPUC | ||
| 008 | 081113e20030000MX |||||||||||||||||spa|d | ||
| 020 | |a 9681669924 | ||
| 082 | 0 | 4 | |a Me864 |b HOU |2 21 |
| 100 | 0 | |a Houvenaghel, Eugenia |e author |9 532996 | |
| 245 | 1 | 0 | |a Alfonso Reyes y la historia de América: la argumentación del ensayo histórico un análisis retórico |
| 250 | |a 1a. ed | ||
| 300 | |a 232 p | ||
| 942 | |c BK | ||
| 945 | |d 20081113 00:00:00 |a rbrito | ||
| 260 | |a Ciudad de México |b Fondo de Cultura Económica |c 2003 | ||
| 600 | 0 | 7 | |a REYES, ALFONSO |2 CL-VaPUC |9 357008 |
| 650 | 7 | |a ENSAYOS MEXICANOS |2 CL-VaPUC |9 315571 | |
| 650 | 0 | |a Literatura mexicana |9 313097 | |
| 650 | 0 | |a Historia y crítica |9 257407 | |
| 650 | 0 | |a Crítica literaria |9 269189 | |
| 583 | |a last modification |c 20081113 00:00:00 |k Rodrigo Vera | ||
| 490 | 0 | |a Seccion de Obras de Lengua y Estudios Literarios | |
| 999 | |c 331891 |d 331889 | ||
| 952 | |0 0 |1 0 |4 0 |6 ME_864_000000000000000_HOU_2003 |7 0 |8 A |9 419097 |a BIBEDU |b BIBEDU |d 2019-11-22 |i 4495705 |o Me864 HOU 2003 |p 4495705 |r 2019-11-22 |w 2019-11-22 |y BK |k LIT | ||